00404cam a2200169ua 4500001000500000005001700005008003900022040000900061041000800070082000800078100002700086245004200113250000900155260003300164300001000197653002700207714020260515114147.0141126n ii |||gr||||Z||||||asm cMAIN aasm a370 aSarma, M.Kr.,eAuthor. aSiksha monovigyancBy Mukul Kr. Sarma a1st. aDibrugarh:bBanalata,c2012. a256p. aEducational psychology